| 000 | 00454cam a22001331 4500 | ||
|---|---|---|---|
| 082 |
_a621.3193 _bTAY _cL-10, P-8 |
||
| 100 | 1 |
_aTaylor, William T. _941386 |
|
| 245 | 0 | 0 |
_aCalculation of electric conductors, _cby William T. Taylor. |
| 260 |
_aLondon, _bConstable & company ltd., _c1919. |
||
| 300 |
_a33, [1] p. _bdiagrs. (1 fold. in pocket) _c28 cm. |
||
| 526 |
_a0 _b0 _c0 _d621_319300000000000_TAY |
||
| 650 | 0 |
_aElectric conductors. _941474 |
|
| 942 |
_2ddc _cBK |
||
| 999 |
_c545575 _d545575 |
||